| 000 | 00791nam a22002657a 4500 | ||
|---|---|---|---|
| 001 | BR2023000575 | ||
| 003 | BR-BrBNA | ||
| 005 | 20230529165348.0 | ||
| 008 | 230525b bl.||||| |||| 00| 0 por d | ||
| 040 |
_aBR-BrBNA _bpor |
||
| 041 | _apor | ||
| 072 | _aB50 ; F01 ; F08 | ||
| 090 | _aB50 BR2023000575 | ||
| 110 | _aAssociação de Plantio Direto no Cerrado, Brasília, DF (Brazil) | ||
| 245 | _aPlantio direto e sustentabilidade: biografia do pioneiro inglês de plantio direto no Brasil tropical, John N. Landers | ||
| 260 |
_aBrasília, DF (Brazil) _c[nd] |
||
| 300 | _a16 p. | ||
| 500 | _aPublished 2005?; 4 illus. | ||
| 650 | _aHISTÓRIA | ||
| 650 | _aBIOGRAFIA | ||
| 650 | _aPLANTIO DIRETO | ||
| 650 | _aSEMEADURA DIRETA | ||
| 909 |
_a202305 _bFernando |
||
| 942 | _cBK | ||
| 999 |
_c9224 _d9224 |
||